Recent advances in computational mechanics and simulations / (Record no. 28321)
[ view plain ]
| 000 -LEADER | |
|---|---|
| fixed length control field | 00445nam a2200169Ia 4500 |
| 001 - CONTROL NUMBER | |
| control field | 28514 |
| 003 - CONTROL NUMBER IDENTIFIER | |
| control field | Ost |
| 005 - DATE AND TIME OF LATEST TRANSACTION | |
| control field | 20260507160239.0 |
| 008 - FIXED-LENGTH DATA ELEMENTS--GENERAL INFORMATION | |
| fixed length control field | 251113s9999||||xx |||||||||||||| ||eng|| |
| 040 ## - CATALOGING SOURCE | |
| Transcribing agency | nitttr |
| 041 ## - LANGUAGE CODE | |
| Language code of text/sound track or separate title | eng |
| 082 ## - DEWEY DECIMAL CLASSIFICATION NUMBER | |
| Classification number | 620.1 |
| Item number | R22 |
| 245 #0 - TITLE STATEMENT | |
| Title | Recent advances in computational mechanics and simulations / |
| Statement of responsibility, etc. | Maity, Damodar, ed., Dwivedy, S. K., ed. |
| 700 ## - ADDED ENTRY--PERSONAL NAME | |
| Personal name | Dwivedy, S. K. |
| 700 ## - ADDED ENTRY--PERSONAL NAME | |
| Personal name | Maity, Damodar |
| 942 ## - ADDED ENTRY ELEMENTS (KOHA) | |
| Koha item type | Books |
| Withdrawn status | Lost status | Damaged status | Not for loan | Home library | Current library | Date acquired | Total checkouts | Full call number | Barcode | Date last seen | Price effective from | Koha item type |
|---|---|---|---|---|---|---|---|---|---|---|---|---|
| National Institute of Technical Teachers Training & Research | National Institute of Technical Teachers Training & Research | 05/07/2026 | 620.1 R22 | 45925 | 05/07/2026 | 05/07/2026 | Books |